• 首页
  • 本馆介绍
  • 公告通知
  • 最新文献
  • 馆藏检索
  • 电子资源
  • 读者导购
  • 参考咨询
  • 我的图书馆
  • 登录
  • 详细信息显示
  • 放入我的书架
  • 预约/预借图书
  • 作者相关作品
  • 分类相关作品
  • 丛书相关作品
  • 出版社相关作品

书目信息

  • 表格格式
  • 工作单格式
  • 卡片格式
题名:
秦岭成矿带成矿地质背景及优势矿产成矿规律
    
 
作者: 赵东宏 , 杨忠堂 , 李宗会 著
分册:  
出版信息: 北京   科学出版社  2019
页数: 401页
开本: 27cm
丛书名:
单 册:
中图分类: P617.2
科图分类:
主题词:
电子资源:
ISBN: 978-7-03-060364-7
000 01634nam0 2200313 450
001 012001001777
005 20140109084434.0
010    @a978-7-03-060364-7@b精装@dCNY358.00
099    @aCAL 012019054067
100    @a20190425d2019 em y0chiy50 ea
101 0  @achi
102    @aCN@b110000
105    @aabk a 000yy
106    @ar
200 1  @a秦岭成矿带成矿地质背景及优势矿产成矿规律@Aqin ling cheng kuang dai cheng kuang di zhi bei jing ji you shi kuang chan cheng kuang gui lu^@f赵东宏 ... 等著
210    @a北京@c科学出版社@d2019
215    @a401页@c图 (部分彩图), 地图@d27cm
300    @a中国地质调查“1212011085111, 1212011085097, 12120113047800, 12120113047600”项目资助
304    @a题名页题: 赵东宏, 杨忠堂, 李宗会, 王虎, 罗根根, 彭璇等著
320    @a有书目 (第382-398页)
330    @a本书以大地构造及成矿演化为主线,运用多元成矿控制观点,针对影响秦岭成矿带中、新生代大规模成矿作用的矿源、热源及赋矿空间等主控要素,重点对震旦纪、志留纪、泥盆纪等时代的含矿地层进行区域对比及含矿性研究;系统探讨印支-燕山期花岗岩类的时空分布、构造属性及其成矿作用;在已有构造格架及其演化研究基础上,提出并剖析北东向构造的成生发展及其对岩浆活动和成矿的控制。通过解剖典型矿床,总结金、铅锌、钼(钨)、铜、汞锑等优势矿产的成矿规律;在重要成矿远景区带划分基础上,提出重点整装勘查区地质找矿工作部署建议。
607    @a秦岭@Aqin ling@x成矿带@x成矿地质@x地质环境
607    @a秦岭@Aqin ling@x成矿带@x成矿规律
690    @aP617.2@v5
701  0 @a赵东宏@Azhao dong hong@4著
701  0 @a杨忠堂@Ayang zhong tang@4著
701  0 @a李宗会@Ali zong hui@4著
801  0 @aCN@b北京卓展@c20191020
905    @b1202563-4@dP617.2@e104@f2
    
    秦岭成矿带成矿地质背景及优势矿产成矿规律/赵东宏 ... 等著.-北京:科学出版社,2019
    401页:图 (部分彩图), 地图;27cm
    中国地质调查“1212011085111, 1212011085097, 12120113047800, 12120113047600”项目资助
    
    ISBN 978-7-03-060364-7(精装):CNY358.00
    本书以大地构造及成矿演化为主线,运用多元成矿控制观点,针对影响秦岭成矿带中、新生代大规模成矿作用的矿源、热源及赋矿空间等主控要素,重点对震旦纪、志留纪、泥盆纪等时代的含矿地层进行区域对比及含矿性研究;系统探讨印支-燕山期花岗岩类的时空分布、构造属性及其成矿作用;在已有构造格架及其演化研究基础上,提出并剖析北东向构造的成生发展及其对岩浆活动和成矿的控制。通过解剖典型矿床,总结金、铅锌、钼(钨)、铜、汞锑等优势矿产的成矿规律;在重要成矿远景区带划分基础上,提出重点整装勘查区地质找矿工作部署建议。
●
相关链接 在E读中查询图书 在五车中查询图书 在当当中查询图书 在豆瓣中查询图书


正题名:秦岭成矿带成矿地质背景及优势矿产成矿规律     索取号:P617.2/104         预约/预借

序号 登录号 条形码 馆藏地/架位号 状态 备注
1 1202563   212025636   第二样本阅览室/ [索取号:P617.2/104] 在馆    
2 1202564   212025645   第三借阅区/ [索取号:P617.2/104] 在馆    
唐山师范学院图书馆 欢迎您!
大连网信软件有限公司© 版权所有